000
00331nam a2200109 4500
008
b xx# fre u
040
_a
LB-BrCRDP
082
1
_a
371.4
_b
GRO
245
1
2
_a
L'éducation à l'orientation au collège
_c
Coordonnée par francine Grosbras
942
_c
BK
999
_c
9434
_d
9434